000 00339nam a2200121Ia 4500
008 240719s9999 xx 000 0 und d
041 _aeng
082 _a657.02 GHO
100 _aGhosh, T. P.
245 _aIllustrated Guide To Revised Schedule VI
260 _aNew Delhi
_bTaxmann's,
_c2012
520 _aGifted By : IMT Faculty Dr.Pawan sir
999 _c41313
_d41313